000 00716nam a2200193Ia 4500
003 GCL
008 140319s9999 xx 000 0 ara d
040 _aGCL /
_cGCL
082 0 4 _aط
_b239.9
_bد ع
100 1 _aدرويش الزفتاوى
245 1 0 _aعبدالله بن الزبير: رجل المواقف العظيمة, ثابت بن قيس: رجل جعله الرسول(ص) خطيبا /
_cدرويش الزفتاوى
300 _a36 ص
490 _aرجال احبهم الرسول صلى اللة عليه و سلم
_v0
650 0 4 _aالاطفال
650 0 4 _aالصحابة والتابعون
650 0 4 _aعبد اللة بن الزبير
650 0 4 _aثابت بن قيس
942 _2ddc
_cBK
999 _c51151
_d51151